00697nam a2200241 a 4500001001300000003000900013005001700022008004100039020000800080082001600088100003400104245001800138260004900156300000900205500003500214505001000249650002000259700003400279902000800313942000700321952011200328999001500440nice12345678IN_TiNIC20260116011508.0050524s1965 muza grp 000 0 urd  ac200a297.2bKAN2 aKandhilwi M, Ehteshamul Hasan aAzmat-E-Islam aMuzafar Pur U PbDarul Ishat Kandhilwic1965 a158p aincludes index and biblioraphy2 aIndex aIslam-Doctrines1 aKandhilwi M, Ehteshamul Hasan bSRS cBK 001040708StackRoom-aHMIbHMId2007-07-05g2.00l0o297.2 KAN2p03217r2007-07-05v2.00w2005-05-24yBK c2026d2026